World Map Quiz - Statistics

General Stats
  • This quiz has been taken 34 times
    27 since last reset
  • The average score is 88 of 196
Answers on the Map
Answers color-coded by a green-red scale on the quiz's map according to % correct below.
 
Answer Stats
Answer % Correct
Canada
90%
United Arab Emirates
90%
Belarus
80%
Mexico
80%
United States
80%
Bulgaria
70%
Colombia
70%
Cyprus
70%
Finland
70%
Italy
70%
Malta
70%
Norway
70%
Spain
70%
Sweden
70%
Ukraine
70%
United Kingdom
70%
Albania
60%
Algeria
60%
Argentina
60%
Brazil
60%
Central African Republic
60%
Chad
60%
Chile
60%
Croatia
60%
Cuba
60%
Denmark
60%
Egypt
60%
Estonia
60%
France
60%
Germany
60%
Greece
60%
Honduras
60%
India
60%
Indonesia
60%
Ireland
60%
Japan
60%
Lesotho
60%
Madagascar
60%
Morocco
60%
Myanmar
60%
Netherlands
60%
Panama
60%
Peru
60%
Poland
60%
Portugal
60%
Russia
60%
Switzerland
60%
Tunisia
60%
Venezuela
60%
Australia
50%
Austria
50%
Bahamas
50%
Belgium
50%
Benin
50%
Bhutan
50%
Bolivia
50%
China
50%
Cost Rica
50%
Czechia
50%
Dominican Republic
50%
Ecuador
50%
El Salvador
50%
Ghana
50%
Guatemala
50%
Guinea
50%
Haiti
50%
Iceland
50%
Iran
50%
Israel
50%
Ivory Coast
50%
Jamaica
50%
Jordan
50%
Kazakhstan
50%
Kosovo
50%
Laos
50%
Latvia
50%
Liberia
50%
Libya
50%
Lithuania
50%
Malaysia
50%
Maldives
50%
Mali
50%
Moldova
50%
Mongolia
50%
Nepal
50%
New Zealand
50%
Niger
50%
North Korea
50%
North Macedonia
50%
Oman
50%
Pakistan
50%
Papua New Guinea
50%
Paraguay
50%
Philippines
50%
Romania
50%
Saudi Arabia
50%
Senegal
50%
Serbia
50%
Somalia
50%
South Africa
50%
South Korea
50%
Sri Lanka
50%
Taiwan
50%
Tajikistan
50%
Thailand
50%
Turkey
50%
Uruguay
50%
Vietnam
50%
Afganistan
40%
Angola
40%
Armenia
40%
Bangladesh
40%
Belize
40%
Burkina Faso
40%
Congo (Dem. Rep. of the)
40%
Djibouti
40%
East Timor
40%
Ethiopia
40%
Gambia
40%
Georgia
40%
Guinea Bissau
40%
Guyana
40%
Hungary
40%
Kuwait
40%
Luxembourg
40%
Mauritania
40%
Mauritius
40%
Nicaragua
40%
Nigeria
40%
Qatar
40%
San Marino
40%
Seychelles
40%
Slovakia
40%
Slovenia
40%
Solomon Islands
40%
South Sudan
40%
Sudan
40%
Suriname
40%
Syria
40%
Togo
40%
Turkmenistan
40%
Yemen
40%
Zimbabwe
40%
Andorra
30%
Azerbaijan
30%
Botswana
30%
Brunei
30%
Burundi
30%
Cambodia
30%
Cameroon
30%
Cape Verde
30%
Comoros
30%
Congo (Rep. of)
30%
Equatorial Guinea
30%
Eritrea
30%
Eswatini
30%
Gabon
30%
Iraq
30%
Kenya
30%
Kiribati
30%
Kyrgyzstan
30%
Lebanon
30%
Malawi
30%
Marshall Islands
30%
Micronesia
30%
Montenegro
30%
Mozambique
30%
Namibia
30%
Nauru
30%
Rwanda
30%
São Tomé and Príncipe
30%
Sierra Leone
30%
Singapore
30%
Tanzania
30%
Uganda
30%
Zambia
30%
Bahrain
20%
Bosnia and Herzegovina
20%
Fiji
20%
Liechtenstein
20%
Monaco
20%
Palau
20%
Tonga
20%
Tuvalu
20%
Uzbekistan
20%
Vatican City
20%
Antigua and Barbuda
10%
Barbados
10%
Saint Lucia
10%
Vanuatu
10%
Dominica
0%
Grenada
0%
Saint Kitts
0%
Saint Vincent
0%
Samoa
0%
Trinidad and Tobago
0%
No matching quizzes found
Score Distribution
Percent of People with Each Score
Percentile by Number Answered
Your Score History
You have not taken this quiz since the last reset